<?xml version="1.0" encoding="UTF-8"?><?xml-stylesheet type="text/xsl" href="static/style.xsl"?><OAI-PMH xmlns="http://www.openarchives.org/OAI/2.0/" xmlns:xsi="http://www.w3.org/2001/XMLSchema-instance" xsi:schemaLocation="http://www.openarchives.org/OAI/2.0/ http://www.openarchives.org/OAI/2.0/OAI-PMH.xsd"><responseDate>2026-04-17T07:48:19Z</responseDate><request verb="GetRecord" identifier="oai:www.recercat.cat:2072/478447" metadataPrefix="marc">https://recercat.cat/oai/request</request><GetRecord><record><header><identifier>oai:recercat.cat:2072/478447</identifier><datestamp>2025-10-13T12:12:55Z</datestamp><setSpec>com_2072_98</setSpec><setSpec>col_2072_378192</setSpec></header><metadata><record xmlns="http://www.loc.gov/MARC21/slim" xmlns:dcterms="http://purl.org/dc/terms/" xmlns:xsi="http://www.w3.org/2001/XMLSchema-instance" xmlns:doc="http://www.lyncode.com/xoai" xsi:schemaLocation="http://www.loc.gov/MARC21/slim http://www.loc.gov/standards/marcxml/schema/MARC21slim.xsd">
   <leader>00925njm 22002777a 4500</leader>
   <datafield ind2=" " ind1=" " tag="042">
      <subfield code="a">dc</subfield>
   </datafield>
   <datafield ind2=" " ind1=" " tag="720">
      <subfield code="a">Sancho, Juan-Manuel</subfield>
      <subfield code="e">author</subfield>
   </datafield>
   <datafield ind2=" " ind1=" " tag="720">
      <subfield code="a">Abrisqueta, Pau</subfield>
      <subfield code="e">author</subfield>
   </datafield>
   <datafield ind2=" " ind1=" " tag="720">
      <subfield code="a">Kumar, Abhijeet</subfield>
      <subfield code="e">author</subfield>
   </datafield>
   <datafield ind2=" " ind1=" " tag="720">
      <subfield code="a">Cordoba, Raul</subfield>
      <subfield code="e">author</subfield>
   </datafield>
   <datafield ind2=" " ind1=" " tag="720">
      <subfield code="a">Tani, Mónica</subfield>
      <subfield code="e">author</subfield>
   </datafield>
   <datafield ind2=" " ind1=" " tag="720">
      <subfield code="a">Langmuir, Peter</subfield>
      <subfield code="e">author</subfield>
   </datafield>
   <datafield ind2=" " ind1=" " tag="720">
      <subfield code="a">Rappold, Erica</subfield>
      <subfield code="e">author</subfield>
   </datafield>
   <datafield ind2=" " ind1=" " tag="720">
      <subfield code="a">Liu, Teng</subfield>
      <subfield code="e">author</subfield>
   </datafield>
   <datafield ind2=" " ind1=" " tag="720">
      <subfield code="a">Lopez-Guillermo, Armando</subfield>
      <subfield code="e">author</subfield>
   </datafield>
   <datafield ind2=" " ind1=" " tag="260">
      <subfield code="c">2024</subfield>
   </datafield>
   <datafield ind2=" " ind1=" " tag="520">
      <subfield code="a">Parsaclisib, a potent and highly selective phosphoinositide 3-kinase δ inhibitor, has shown clinical activity in relapsed/refractory (R/R) B-cell lymphoma. The phase 1 CITADEL-112 (NCT03424122) study assessed safety and efficacy of parsaclisib in combination with investigator choice standard of care (SOC; rituximab [Treatment A], rituximab plus bendamustine [Treatment B], or ibrutinib [Treatment C]) in 50 patients with R/R B-cell lymphoma. The most common treatment-emergent adverse events included neutropenia (62.5%, 50.0%, and 50.0% of patients in Treatments A, B, and C, respectively); diarrhea (37.5%) and anemia (31.3%) in Treatment A; abdominal pain, asthenia, diarrhea, and nausea (each 33.3%) in Treatment B; and increased alanine and aspartate aminotransferase (each 37.5%) in Treatment C. Objective responses were observed in 13 patients (81.3%) in Treatment A, 10 (55.6%) in Treatment B, and 8 (50.0%) in Treatment C. Parsaclisib combined with SOC therapies had an expected safety profile and promising efficacy in patients with R/R B-cell lymphomas.</subfield>
   </datafield>
   <datafield ind2="0" ind1="0" tag="245">
      <subfield code="a">Safety and efficacy of parsaclisib in combination with rituximab, bendamustine + rituximab, or ibrutinib in patients with previously treated B-cell lymphoma : analysis of a phase 1 dose-finding study (CITADEL-112)</subfield>
   </datafield>
</record></metadata></record></GetRecord></OAI-PMH>